Paul and the salvation of the individual (Record no. 52483)
[ view plain ]
| 000 -LEADER | |
|---|---|
| fixed length control field | 01320nam a22003254a 4500 |
| 082 04 - DEWEY DECIMAL CLASSIFICATION NUMBER | |
| Classification number | 233 |
| 100 1# - MAIN ENTRY--AUTHOR NAME | |
| Personal name | Burnett, Gary W. |
| 245 10 - TITLE STATEMENT | |
| Title | Paul and the salvation of the individual |
| 260 ## - PUBLICATION, DISTRIBUTION, ETC. (IMPRINT) | |
| Place of publication | Leiden ; |
| -- | Boston : |
| Name of publisher | Brill, |
| Year of publication | 2001. |
| 300 ## - PHYSICAL DESCRIPTION | |
| Number of Pages | vii, 246 p. |
| 490 1# - SERIES STATEMENT | |
| Series statement | Biblical interpretation series, |
| 650 #0 - SUBJECT ADDED ENTRY--TOPICAL TERM | |
| Topical Term | Salvation |
| Topical Term | Persons |
| 856 40 - ELECTRONIC LOCATION AND ACCESS | |
| Uniform Resource Identifier | http://site.ebrary.com/lib/rucke/Doc?id=10089053 |
No items available.
